Vypněte starý e-learning! Je čas řídiť kompetence
Moderná nová generácia riadenia kompetencií LMS (learning management systém). LMS systém je výhodný pre firmy, ktoré majú zo zákona povinnosť školiť a vzdelávať svojich zamestnancov. Riadenie a sledovanie profesného rozvoja zamestnancov.
Uložené v:
| Hlavný autor: | |
|---|---|
| Médium: | Kapitola |
| Jazyk: | Czech |
| Predmet: | |
| Tagy: |
Žiadne tagy, Buďte prvý, kto otaguje tento záznam!
|
MARC
| LEADER | 00000naa a2200000 4500 | ||
|---|---|---|---|
| 001 | 0216239 | ||
| 005 | 20221104110640.6 | ||
| 041 | 0 | |a cze | |
| 044 | |a CZ | ||
| 245 | 1 | 0 | |a Vypněte starý e-learning! Je čas řídiť kompetence |c Rami Salameh |
| 520 | |a Moderná nová generácia riadenia kompetencií LMS (learning management systém). LMS systém je výhodný pre firmy, ktoré majú zo zákona povinnosť školiť a vzdelávať svojich zamestnancov. Riadenie a sledovanie profesného rozvoja zamestnancov. | ||
| 610 | 2 | 0 | |a riadenie podľa kompetencií |
| 610 | 2 | 0 | |a rozvoj pracovníkov |
| 610 | 2 | 0 | |a vzdelávanie ďalšie |
| 610 | 2 | 0 | |a odbornosť |
| 610 | 2 | 0 | |a príprava odborná |
| 610 | 2 | 0 | |a profesiografia |
| 100 | 1 | |a Salameh, Rami | |